000 00641nam a2200277Ia 4500
005 20260324124902.0
008 008 260324s9999 xx 000 0 eng d
020 _a9780203874004
037 _aEBOOK
040 _aCRL
040 _beng
040 _cCRL
041 _2eng
041 _aeng
084 _qCRL
100 _aPhilippa Dee
_91175870
245 0 _aInstitutions for Economic Reform in Asia
260 _bTaylor and Francis
260 _c2009
365 _a
365 _b240
856 _uhttp://www.taylorfrancis.com/books/9780203874004
942 _cEBOOK
999 _c1770655
_d1770655